Arbre Généalogique Gaunt (Harry Potter) - Statistiques

Statistiques générales
  • Ce quiz a été pris 486 fois
  • Le résultat moyen est 7 sur 10
Statistiques - réponses
Réponse % Correct
Tom
97%
Gaunt
92%
Jedusor
90%
Elvis
89%
Merope
84%
Marvolo
71%
Morfin
70%
"Lord Voldemort"
24%
Thomas
21%
Mary
19%
Aucun quiz correspondant
Distribution des résultats
% des personnes avec chaque résultat
Percentile par nombre de réponses
Votre historique - résultats
Vous n’avez pas pris ce quiz